Procolombia una esperanza, un destino / (Registro nro. 6286)

Detalles MARC
000 -LEADER
fixed length control field 01137nam a2200277Ia 4500
003 - CONTROL NUMBER IDENTIFIER
control field OSt
005 - DATE AND TIME OF LATEST TRANSACTION
control field 20201019150341.0
008 - FIXED-LENGTH DATA ELEMENTS--GENERAL INFORMATION
fixed length control field 191128s1997 ck gr 000 0dspa d
020 ## - INTERNATIONAL STANDARD BOOK NUMBER
International Standard Book Number 958330557X
040 ## - CATALOGING SOURCE
Original cataloging agency CO-JMCR
Transcribing agency CO-JMCR
041 0# - LANGUAGE CODE
Language code of text/sound track or separate title spa
082 04 - DEWEY DECIMAL CLASSIFICATION NUMBER
Classification number 986.1063 /
Item number R815p
Edition number 23
100 1# - MAIN ENTRY--PERSONAL NAME
Personal name Ruan Ruan, Fernando,
Relator term autor
9 (RLIN) 10995
245 10 - TITLE STATEMENT
Title Procolombia una esperanza, un destino /
Statement of responsibility, etc. Fernando Ruan Ruan
250 ## - EDITION STATEMENT
Edition statement Primera edición
260 ## - PUBLICATION, DISTRIBUTION, ETC.
Place of publication, distribution, etc. Bogotá :
Name of publisher, distributor, etc. Editorial Nomos,
Date of publication, distribution, etc. 1997
300 ## - PHYSICAL DESCRIPTION
Extent 399 páginas ;
Dimensions 21 cm.
500 ## - GENERAL NOTE
General note Incluye datos biográficos del autor en solapa.
504 ## - BIBLIOGRAPHY, ETC. NOTE
Bibliography, etc. note Bibliografía: páginas 385-399
505 0# - FORMATTED CONTENTS NOTE
Formatted contents note ¿Estamos fracasando como Nación? -- Hacia un diagnóstico en profundidad -- El plan de Procolombia
520 3# - SUMMARY, ETC.
Summary, etc. Procolombia presenta una propuesta concreta dirigida a enfrentar los graves problemas que sufre Colombia y a emprender la apasionante tarea de construir un país distinto y mejor.
650 14 - SUBJECT ADDED ENTRY--TOPICAL TERM
Topical term or geographic name entry element Problemas sociales
9 (RLIN) 10996
Geographic subdivision Colombia
651 #4 - SUBJECT ADDED ENTRY--GEOGRAPHIC NAME
Geographic name Colombia
General subdivision condiciones sociales
9 (RLIN) 9846
651 #4 - SUBJECT ADDED ENTRY--GEOGRAPHIC NAME
Geographic name Colombia
General subdivision condiciones económicas
9 (RLIN) 7526
942 ## - ADDED ENTRY ELEMENTS (KOHA)
Source of classification or shelving scheme Dewey Decimal Classification
Koha item type Books
Existencias
Withdrawn status Lost status Source of classification or shelving scheme Damaged status Not for loan Collection code Home library Current library Date acquired Source of acquisition Total Checkouts Full call number Barcode Date last seen Date last checked out Copy number Koha item type
    Dewey Decimal Classification     Non-fiction Biblioteca Pública José María del Castillo y Rada Biblioteca Pública José María del Castillo y Rada 04/15/2018 Donación 1 986.1063 / R815p 430012317 09/19/2024 09/19/2024 Ej.1 Books